000 00731cam a2200241 4500
001 ABS62003
008 000000n2000 000 0 eng u
035 _a(Sirsi) u104297
100 _aCastorina, G.
245 _aDon't park that scheme here
260 _c2000
490 _aEstates Gazette
_v0005 5 February 2000 129-131(2)
520 _aReports on the proposed creation of two new national parks and outlines possible causes of dispute with developers and local authorities.
590 _aABS
650 _aNATIONAL PARKS
650 _aCOUNTRYSIDE
650 _aLOCAL AUTHORITY
650 _aAREAS OF OUTSTANDING NATURAL BEAUTY
650 _aAONB
690 _aRural
_96268
700 _aPiatt, A.
942 _n0
999 _c62576
_d62576